000 00545nam a2200181 a 4500
001 000009156
005 20240412074210.0
008 090928s19uu dr 000 p spa d
040 _aDO-SdBNP
_bspa
_cBNPHU
082 _aRD861
_bA162m
100 1 _aAbreu, Noe A.
_923825
245 1 0 _aMapa litrerario de San Juan de la Maguana /
_cNoe A. Abreu.
260 _aSanto Domingo :
_bEducativa Dominicana,
_c190?
300 _a34 p. ;
_c22 cm.
650 4 _aPoesía histórica dominicana
_923574
650 0 _aLiteratura dominicana.
_967
049 _aBNPD
999 _c8920
_d8920